| 000 | 00361nam a2200145Ia 4500 | ||
|---|---|---|---|
| 005 | 20251222141930.0 | ||
| 008 | 251222s9999||||xx |||||||||||||| ||spa|| | ||
| 020 | _a8480022701 | ||
| 082 | _a344.460.2/B61 | ||
| 100 | _aBlasco Lahoz, José Francisco | ||
| 245 | 0 | _aCurso de Seguridad Social: | |
| 250 | _a2a. ed. | ||
| 264 | _bTirant lo Blanch | ||
| 942 | _cLIB | ||
| 999 |
_c9003 _d9003 |
||